Estatísticas para Linhas de ônibus de São Bernardo do Campo

Clique aqui para jogar o quiz

Estatísticas Gerais

  • Esse quiz foi jogado 10 vezes
  • A pontuação média é 48 de 62

Estatísticas das Respostas

LinhasNome% Correto
07Cooperativa - Paço
100%
54Esperança - Paço
100%
05Jardim Laura - Paço
100%
07NJardim Nazaré - Paço
100%
14Orquídeas - Rudge Ramos
100%
32APaço - Areião
100%
67Paço - Jardim Silvina Audi
100%
36Paço - Jordanópolis
100%
56Paço - Palermo
100%
04Paço - Rudge Ramos
100%
05BQuímicos - Paço
100%
23Selecta - Nova Baeta
100%
24Selecta - Paço
100%
53Selecta - Rudge Ramos
100%
39ATiradentes - Ferrazópolis
100%
10Vila Ferreira - Paço
100%
16Alvarenga - Rudge Ramos
86%
30Balsa - Rudge Ramos
86%
29Balsa - Rudge Ramos
86%
26Baraldi - Ferrazópolis
86%
43Detroit - Paulicéia
86%
15Detroit - Rudge Ramos
86%
15ADetroit - Rudge Ramos
86%
02Irajá - Taboão
86%
33Jardim Pinheiro - Paço
86%
39Jardim Represa - Tiradentes
86%
06Jardim Tupã - Paço
86%
13Los Angeles - Term. Grande Alvarenga
86%
07AMizuho - Paço
86%
11Orquídeas - Paço
86%
32Paço - Balneária
86%
20Parque Imigrantes - Paço
86%
13BParque Imigrantes - Term. Grande Alvarenga
86%
54CSacolão - Rua São Francisco
86%
21São José - Paço
86%
28São Pedro - Jardim Limpão
86%
03ASão Pedro - Pavilhão Vera Cruz
86%
54BSão Pedro - Sacolão
86%
03São Pedro - Taboão
86%
17São Pedro - Três Marias
86%
08Selecta - Sto. Ignácio
86%
70Terminal Ferrazópolis - Fundação ABC
86%
51Tiradentes - Rudge Ramos
86%
09BTiradentes - Sto. Ignácio
86%
01Esperança - Taboão
71%
38Terra Nova II - Taboão
71%
42Jordanópolis - Paulicéia
57%
61ARiacho Grande - Alto da Serra
57%
63ARiacho Grande - Capelinha
57%
64ARiacho Grande - Cocaia
57%
62ARiacho Grande - Estoril
57%
68Riacho Grande - Jardim Fátima
57%
65ARiacho Grande - Parque Rio Grande
57%
37São José - Jordanópolis
57%
19Industrial - Los Angeles
43%
05AVila União - Eldorado
43%
39BAlto Boa Vista - Ipiranga
29%
66ARiacho Grande - Balneária
29%
54DSacolão - Alto da Bela Vista
29%
25Sacolão - Alto Industrial
29%
34BSanta Cruz
29%
12Circular Santo Antonio
14%

Distribuição das Pontuações

Percentil de Números Respondidos

Porcentagem de Pessoas com Cada Pontuação

Sua Pontuação Histórica

Você não jogou esse quiz